मानसिक ताणतणाव कसा रोखाल (Record no. 80704)

MARC details
000 -LEADER
fixed length control field 00629nam a2200181Ia 4500
008 - FIXED-LENGTH DATA ELEMENTS--GENERAL INFORMATION
fixed length control field 090123s9999 xx 000 0 und d
082 ## - DEWEY DECIMAL CLASSIFICATION NUMBER
Item number 42626
100 ## - MAIN ENTRY--PERSONAL NAME
Personal name बर्वे राजेंद्र
245 ## - TITLE STATEMENT
Title मानसिक ताणतणाव कसा रोखाल
250 ## - EDITION STATEMENT
Edition statement 3
260 ## - PUBLICATION, DISTRIBUTION, ETC. (IMPRINT)
Date of publication, distribution, etc 1998
300 ## - PHYSICAL DESCRIPTION
Extent 50
600 ## - SUBJECT ADDED ENTRY--PERSONAL NAME
Personal name बर्वे राजेंद्र
630 ## - SUBJECT ADDED ENTRY--UNIFORM TITLE
Uniform title मानसिक ताणतणाव कसा रोखाल
700 ## - ADDED ENTRY--PERSONAL NAME
Personal name बर्वे राजेंद्र
730 ## - ADDED ENTRY--UNIFORM TITLE
Uniform title मानसिक ताणतणाव कसा रोखाल
942 ## - ADDED ENTRY ELEMENTS (KOHA)
Koha item type Book
Holdings
Withdrawn status Lost status Damaged status Not for loan Home library Current library Date acquired Cost, normal purchase price Total Checkouts Full call number Barcode Date last seen Cost, replacement price Price effective from Koha item type
        Jawahar Wachalanalaya, Kalwa Jawahar Wachalanalaya, Kalwa 05/31/2008 50.00   42626 KLW-42626 01/23/2009 50.00 01/23/2009 Book